000 00336nam a2200145Ia 4500
008 230718s9999 xx 000 0 und d
041 _aEng.
082 _a782.55
_bSYE-S
100 _asyed Ameer Ali
245 0 _aSaracens word lovest &
260 _aPakistan
_bunited sinies
_c1980
300 _a1278
650 _aLaw
999 _c26545
_d26545